| 000 | 00557nam a22001817a 4500 | ||
|---|---|---|---|
| 999 |
_c186848 _d186848 |
||
| 005 | 20220321142357.0 | ||
| 010 | _aENG-132044 | ||
| 020 |
_a9788193216866 _c160.00 |
||
| 035 | _aEN-115576 | ||
| 037 | _bDBAD | ||
| 082 | _a158.1 | ||
| 100 | _aRaju, C.S. | ||
| 245 |
_aBorn To Taste Success/ _cC.S. Raju |
||
| 260 |
_aChennai _bCoral Publishers _c2017 |
||
| 270 |
_a#8, 6th Cross, 8th Main Road, Vaishnavi Nagar, Thirumullaivoyal _bChennai _e600109 _mcoralbooks2016@gmail.com |
||
| 300 |
_a192p _c21cm(pbk) |
||
| 942 |
_2ddc _cEN _h158.1 _mRAJ |
||